| 000 | 01235nam0a2200337 4500 | ||
|---|---|---|---|
| 001 | RU\NLR\bibl\1013470 | ||
| 005 | 20260409073537.0 | ||
| 010 |
_a3-86605-400-9 _910000 |
||
| 021 |
_aRU _b2006-64350 _93217 |
||
| 035 | _a(NLR Aleph) 001001081 | ||
| 090 |
_a579079 _c579079 |
||
| 100 | _a20061124d2006 |||y0rusy50 ca | ||
| 101 | 0 | _arus | |
| 102 | _aRU | ||
| 105 | _aa ||||||||| | ||
| 200 | 1 |
_aУчимся читать и писать _f[авт.-сост. Ю.Ю. Чудина] |
|
| 210 |
_aМосква _cМой Мир _cМой Мир ГмбX & Ко.КГ _d2006 |
||
| 215 |
_a254, [1] с. _cил. _d21 |
||
| 225 | 1 | _aАзбука дошкольного воспитания | |
| 606 | 1 |
_aДошкольники _xОбучение письму _92070910 _3RU\NLR\auth\661245652 |
|
| 606 |
_aДошкольники _xОбучение чтению _92089883 _3RU\NLR\auth\661265029 |
||
| 686 | _aЧ411.382.1 | ||
| 686 | _aЧ491.71 | ||
| 702 | 1 |
_4220 _7ca _8rus _aЧудина _bЮ. Ю. _cпопуляризатор _gЮлия Юрьевна _967107 _3RU\NLR\auth\7784179 |
|
| 801 | 0 |
_aRU _bNLR _c20061124 _grcr |
|
| 801 | 1 |
_aRU _bNLR _c20061124 |
|
| 830 | _aсост. по кн | ||
| 942 | _cBOOK | ||
| 980 | _aNB | ||